| 000 | 00569nam a2200181Ia 4500 | ||
|---|---|---|---|
| 003 | GCL | ||
| 008 | 140319s9999 xx 000 0 ara d | ||
| 040 |
_aGCL / _cGCL |
||
| 082 | 0 | 4 |
_a813.085 _bم ح |
| 100 | 1 | _aمحمد حسن عبدالله | |
| 245 | 1 | 0 |
_aالحب فى التراث العربى ( عالم المعرفة ) / _cمحمد حسن عبدالله |
| 300 | _a374 ص | ||
| 490 |
_aعالم المعرفة _v0 |
||
| 650 | 0 | 4 | _aالادب العربى |
| 650 | 0 | 4 | _aالقصص العربية |
| 650 | 0 | 4 | _aالقصص الرومانسية |
| 942 |
_2ddc _cBK |
||
| 999 |
_c51549 _d51549 |
||